Quizzes
Events
Quiz Creation
Community
Videos
Private Events
Remove Ads
Sign In
Join for FREE
Feedback
Dark Mode
Quiz Categories
Sports
Geography
Music
Movies
Television
Just For Fun
Miscellaneous
History
Literature
Language
Science
Gaming
Entertainment
Religion
Holiday
For Kids
Quiz Lab
Recent
Popular Today
Quiz Kudos Today
Editor Picks
Curator Picks
Quizzes by...
Day
Popularity
Type
Ratings
Length
Year
Community
Subscriptions
Recent Discussions
Orange Saloon
Badges
Playlists
Quests
Create
Leaderboards
Showdown
Live 5
Trivia Bingo
Activity
Puzzle Library
Sporcle Events
Private Events
Virtual Trivia
Globe League
Become a Host
Pub Owners
SporcleCon
Opinionation
Our Games
Videos
Blog
Mobile Apps
Partnerships
Remove Ads and Go Orange
Feedback
Geography
Country
Landmarks
City
State
Population
World
Capital
Continent
Flags
Europe
Africa
Asia
South America
North America
Oceania
Border
Canada
United Kingdom
Topography
United States
Geography
Country
Landmarks
City
State
Population
World
Capital
Continent
Flags
Europe
Africa
Asia
South America
North America
Oceania
Border
Canada
United Kingdom
Topography
United States
Random Quiz
Search Sporcle
×
Quiz Lab
Quiz Lab
Geography
Africa
Type in answers that appear in a list
Type in answers that appear in a list
Classic
Best Score? Go Orange.
List Countries by Continental Union Stats
Can you list Countries by Continental Union?
By
that_pac12
12m
95 Questions
35 Plays
35 Plays
35 Plays
Comments
Comments
Give Quiz Kudos
Give Quiz Kudos
-
- Ratings
hide this ad
Replay
Link that replays current quiz
Next Quiz
Link to next quiz in quiz playlist
You Got
0%
They Got
Avg Score
76%
Avg Friend Score
Upgrade to see
Score Distribution
Jump to the score distribution portion of the page
Score
0/95
Timer
12:00
0
Plays Today
Continental Union
Member
% Correct
African Union
Egypt
88.6%
African Union
Ethiopia
88.6%
African Union
Angola
85.7%
African Union
Niger
85.7%
African Union
Algeria
82.9%
African Union
Djibouti
82.9%
African Union
Eritrea
82.9%
African Union
Libya
82.9%
African Union
Mauritania
82.9%
African Union
Morocco
82.9%
African Union
Republic of the Congo
82.9%
African Union
Somalia
82.9%
African Union
Sudan
82.9%
African Union
Burundi
80%
African Union
Central African Republic
80%
African Union
Côte d'Ivoire
80%
African Union
Democratic Republic of the Congo
80%
African Union
Mali
80%
African Union
Nigeria
80%
African Union
South Africa
80%
African Union
Tunisia
80%
African Union
Zambia
80%
European Union
France
80%
European Union
Sweden
80%
European Union
United Kingdom of Great Britain and Northern Ireland
80%
Union of South American Nations
Argentina
80%
Union of South American Nations
Plurinational Republic of Bolivia
80%
Union of South American Nations
Brazil
80%
Union of South American Nations
Chile
80%
Union of South American Nations
Colombia
80%
Union of South American Nations
Paraguay
80%
Union of South American Nations
Suriname
80%
Continental Union
Member
% Correct
African Union
Benin
77.1%
African Union
Burkina Faso
77.1%
African Union
The Gambia
77.1%
African Union
Ghana
77.1%
African Union
Lesotho
77.1%
African Union
Madagascar
77.1%
African Union
Namibia
77.1%
African Union
Zimbabwe
77.1%
European Union
Belgium
77.1%
European Union
Denmark
77.1%
European Union
Estonia
77.1%
European Union
Finland
77.1%
European Union
Germany
77.1%
European Union
Latvia
77.1%
European Union
Luxembourg
77.1%
European Union
Poland
77.1%
European Union
Slovakia
77.1%
Union of South American Nations
Ecuador
77.1%
Union of South American Nations
Guyana
77.1%
Union of South American Nations
Peru
77.1%
Union of South American Nations
Uruguay
77.1%
Union of South American Nations
Bolivarian Republic of Venezuela
77.1%
African Union
Botswana
74.3%
African Union
Cameroon
74.3%
African Union
Equatorial Guinea
74.3%
African Union
Guinea
74.3%
African Union
Guinea-Bissau
74.3%
African Union
Malawi
74.3%
African Union
Rwanda
74.3%
African Union
Senegal
74.3%
African Union
South Sudan
74.3%
African Union
Swaziland
74.3%
Continental Union
Member
% Correct
African Union
Tanzania
74.3%
African Union
Togo
74.3%
European Union
Bulgaria
74.3%
European Union
Czech Republic
74.3%
European Union
Greece
74.3%
European Union
Hungary
74.3%
European Union
Ireland
74.3%
European Union
Italy
74.3%
European Union
Lithuania
74.3%
European Union
Netherlands
74.3%
European Union
Slovenia
74.3%
African Union
Chad
71.4%
African Union
Comoros
71.4%
African Union
Kenya
71.4%
African Union
Liberia
71.4%
African Union
Mauritius
71.4%
African Union
Mozambique
71.4%
African Union
Sierra Leone
71.4%
European Union
Austria
71.4%
European Union
Cyprus
71.4%
European Union
Portugal
71.4%
European Union
Romania
71.4%
European Union
Spain
71.4%
African Union
Seychelles
68.6%
African Union
Uganda
68.6%
European Union
Croatia
68.6%
European Union
Malta
68.6%
African Union
Cabo Verde
65.7%
African Union
Gabon
65.7%
African Union
São Tomé and Príncipe
60%
African Union
Sahrawi Arab Democratic Republic
31.4%
Quiz Playlist
Details
Report
Send in Message
Add To Playlist
Classic:
Type in answers that appear in a list
Last Updated: Feb 16, 2017
Quiz Scoreboard
CHALLENGE
Sign Up to Join the Scoreboard
Show All
Scores
Hide
Comments
May contain spoilers
Recently Published
An Introduction to Baseball
by treessimontrees
Sports
5m
Movies - When Are They Set?
by FPL_Elf
Movies
5m
Popular People in 1961
by mucciniale
History
6m
More to Explore
Quiz From the Vault
Featured Blog Post
Where Did the Easter Bunny Come From?
hide this ad
You Might Also Like...
Tags
Africa Quiz
Europe Quiz
South America Quiz
European Union
Today's Top Quizzes in Geography
Browse Geography
hide this ad
Today's Top Quizzes in Africa
Browse Africa
Top Contributed Quizzes in Geography
1
Countries of the World - No Outlines Minefield
2
Top 25 Cities of France on a map
3
Closest Countries to UK A-Z
4
One Thing in Common: United Kingdom
5
Any capital of a 'B' country per Continent
6
Blind Secret Country CLXXXVIII
7
African Flag Reveal XLV
8
Blind Ultimate Minefield: USA
9
Find the US States - No Outlines
10
One Thing in Common: Asia
Explore More
Trending Topics
Kpop
Crossword
Anime
Disney
Harry Potter
Marvel
NBA
NFL
Country
Puzzle
The Office
WWE
Soccer
Pokémon
Song
hide this ad
More By:
that_pac12
Quiz
Plays
Rating
Category
Featured
Created
Départements de France (fr)
1,414
Geography
Feb 11, 2017
Legislatures of the Great Powers
78
Geography
Feb 12, 2017
List Countries by Continental Union
35
Geography
Feb 11, 2017
Go to Creator's Profile
Score Distribution
Quiz Creator Spotlight
that_pac12
Follow
Send a Message
Quizzes Created
-
Created Quiz Play Count
-
More By This Creator
Popular Quizzes Today
1
Find the Countries of Europe - No Outlines Minefield
2
Find the US States - No Outlines Minefield
3
The Countries of the World
4
Popular People in 1961
5
US States
6
1-10 Letter E Words III
7
Find the US States
8
One Thing in Common: World Cities II
More Geography Quizzes
Oldest Universities by European Country
Curator's Pick
Trending Quizzes
Risky Map Clicking: Least Populous States A-Z
1-10 Letter F Words
1-10 Letter G Words
One Thing in Common: United Kingdom
Risky Map Clicking: Next State Alphabetically
Recently Updated
Leaping Animals
pecheneg
Reality TV Shows (A-Z)
bhenderson79
Rickey Henderson's Hall of Fame Teammates
pecheneg
Champions League XIs: Arsenal
pecheneg
Quick Pick: Celebrities in WWE's Hall of Fame
aduchscher
A-Z Keypad Blitz II
pecheneg
Multiple Oscar Actors
pecheneg
Mystery Phrase Blitz: Oscar 'Best Actors'
pecheneg
F. Scott Fitzgerald Novels
LTH
Pick 3 Villains
ddd62291
Trending Topics
Kpop
NBA
Marvel
Crossword
Disney
Anime
Harry Potter
WWE
Pokémon
Country
NFL
Song
Puzzle
The Office
Soccer
Your Account Isn't Verified!
In order to create a playlist on Sporcle, you need to verify the email address you used during registration. Go to your
Sporcle Settings
to finish the process.
Report this User
Report this user for behavior that violates our
Community Guidelines
.
Details:
Send Report
Go to the Sporcle.com Mobile Site →
Comments